000 00480nam a2200157Ia 4500
999 _c49325
_d49325
003 GCL
005 20240530104628.0
008 140319s9999 xx 000 0 ara d
040 _aGCL /
_cGCL
082 0 4 _a213
_bح ا
100 1 _aحامد عبد القادر
245 1 0 _aالاسلام وظهوره وانتشاره فى العالم /
_cحامد عبد القادر
300 _a287 ص
490 _aالهيئة العامة للاستعلامات
_v0
942 _2ddc
_cBK